A comprehensive Russian grammar /

Na minha lista:
Detalhes bibliográficos
Autor principal: Wade, Terence.
Formato: Livro
Idioma:English
Publicado em: Oxford ; Malden MA : Blackwell, 1992.
Assuntos:
Tags: Adicionar Tag
Sem tags, seja o primeiro a adicionar uma tag!
Thư viện lưu trữ: Mạng thư viện Đại học Đà Nẵng
LEADER 01084nam a2200349 a 4500
001 000041968
003 4772
005 20230325144058.0
008 171030s1992
020 |a 0631175024 
040 |a lnn  |c lnn  |d lnn 
041 0 |a eng 
082 1 4 |a 491.782421  |b WA-T 
100 1 |a Wade, Terence. 
245 0 2 |a A comprehensive Russian grammar /  |c Terence Wade. 
260 |a Oxford ; Malden MA :  |b Blackwell,  |c 1992. 
300 |a xxvi, 582p. 
630 0 4 |a Nga ngữ. 
630 0 4 |a Russian grammar. 
650 0 4 |a Russian language  |x Grammar  |y 1950- 
811 |a Nga ngu 
OWN |a LNN 
902 |a TKA 
AVA |a UDN50  |b LNN  |c English  |d 491.782421 WA-T  |e available  |t Error 5001 Not defined in file expand_doc_bib_avail.  |f 1  |g 0  |h N  |i 0  |j AN  |k 1 
999 |a From the UDN01 
AVA |a UDN50  |b LNN  |c English  |d 491.782421 WA-T  |e available  |t Error 5001 Not defined in file expand_doc_bib_avail.  |f 1  |g 0  |h N  |i 0  |j AN  |k 1 
TYP |a Conference 
TYP |a Monograph 
TYP |a Printed language 
980 |a Mạng thư viện Đại học Đà Nẵng